Dějiny 20. století

Enregistré dans:
Détails bibliographiques
Auteur principal: Johnson, Paul
Autres auteurs: Čulík, Jan, 1925-1995 (Traducteur)
Format: Livre
Langue:tchèque
Publié: Praha Rozmluvy 1991
Sujets:
Accès en ligne:Voir à l'OPAC
Tags: Ajouter un tag
Pas de tags, Soyez le premier à ajouter un tag!

MARC

LEADER 00000nam a2200000 a 4500
005 20260127134215.0
008 050411s1991 xr 000 0 cze c
020 |a 8085336073 (viaz.) 
035 |a vtls008163950 
035 |a SPKKN405 
039 9 |a 201502241409  |b maubb08  |c 201110031534  |d mspk03  |c 201010311241  |d maubb02  |c 200905201328  |d csnk05  |y 200506290817  |z VLOAD 
040 |a SPKKN  |b slo  |c SNK  |d SPK  |d STUSCHK1  |d AUBB  |e AACR2 
041 |a cze 
044 |a xr  |c CZ 
072 7 |a 94(100)xSvetové dejiny  |2 konspekt 
080 |a 94(100)"19"  |2 1981 
080 |a (048.8)  |2 2001 
100 1 |a Johnson, Paul  |9 1062 
240 1 0 |a History of the Century  |l cze 
245 1 0 |a Dějiny 20. století  |c Paul Johnson ; [přeložil Jan Čulík] 
260 |a Praha  |b Rozmluvy  |c 1991 
300 |a 845 s. 
500 |a Preložené z angličtiny 
648 7 |a 20. stor.  |2 AUBBPH 
648 7 |a 20 Century  |2 AUBBPHeng 
650 0 7 |a svetové dejiny  |2 SNKPH 
650 0 7 |a World history  |2 SNKPHeng 
655 7 |a monografie  |2 SNKPH 
655 7 |a Monographs  |2 SNKPHeng 
700 1 |a Čulík, Jan,  |d 1925-1995  |4 trl  |9 987 
910 |a spkonkat 
910 |a SCHK95 
910 |a aubb 
918 |a 80-85336-07-3 
958 |a SV 
999 |c 6688  |d 6688